| 000 | 00371cam a2200157ua 4500 | ||
|---|---|---|---|
| 003 | OSt | ||
| 008 | 240115b |||||||| |||| 00| 0 eng d | ||
| 041 | _amal | ||
| 082 |
_a894.812301 _bKUT/NE |
||
| 100 |
_aKuttikrishnan, P C . _95739 |
||
| 245 | _aNeerchalukal / | ||
| 250 | _a2 / | ||
| 260 |
_aKozhikode : _bK R Brothers , _c1955. |
||
| 300 | _a140 ; . | ||
| 942 | _cBK | ||
| 999 |
_c11584 _d11584 |
||